Son Nom de Famille est également un Prénom - Statistiques

Statistiques générales
  • Ce quiz a été pris 145 fois
  • Le résultat moyen est 10 sur 20
Statistiques - réponses
Par images Réponse % Correct
Claude François
87%
Tony Parker
87%
Patrick Sébastien
84%
Thierry Henry
82%
Michael Jordan
80%
Edouard Philippe
74%
Francky Vincent
57%
Mireille Mathieu
55%
Pierre Richard
49%
Alain Bernard
46%
Samuel L. Jackson
46%
Thierry Roland
46%
Jennifer Lawrence
44%
Clara Morgane
38%
George Michael
33%
Michael Douglas
33%
Jacques Martin
28%
Herbert Léonard
17%
Meg Ryan
11%
Henri Michel
9%
Aucun quiz correspondant
Distribution des résultats
% des personnes avec chaque résultat
Percentile par nombre de réponses
Votre historique - résultats
Vous n’avez pas pris ce quiz